Dosahy krízy na medzinárodný marketingový program firiem v EÚ

Nové podmienky, ktoré sa vytvorili na medzinárodných trhoch vplyvom globálnej krízy. Analýza ich dosahu na zmeny medzinárodných marketingových stratégií firiem, konkrétne základných prvkov ich medzinárodného marketingového mixu, podmienené zmenami spotrebiteľského správania.

Gespeichert in:
Bibliographische Detailangaben
1. Verfasser: Zorkóciová, Otília, 1954-
Weitere Verfasser: Brynkusová, Barbora
Format: Buchkapitel
Sprache:Slowakisch
Schlagworte:
Tags: Tag hinzufügen
Keine Tags, Fügen Sie das erste Tag hinzu!

MARC

LEADER 00000nla a2200000 4500
001 0160051
005 20240502072758.9
041 0 |a slo 
044 |a SK 
245 1 0 |a Dosahy krízy na medzinárodný marketingový program firiem v EÚ  |c Otília Zorkóciová, Barbora Brynkusová 
520 |a Nové podmienky, ktoré sa vytvorili na medzinárodných trhoch vplyvom globálnej krízy. Analýza ich dosahu na zmeny medzinárodných marketingových stratégií firiem, konkrétne základných prvkov ich medzinárodného marketingového mixu, podmienené zmenami spotrebiteľského správania. 
610 2 0 |a marketing medzinárodný 
610 2 0 |a trh medzinárodný 
610 2 0 |a stratégia obchodná 
610 2 0 |a obchod medzinárodný 
610 2 0 |a marketing mix 
610 2 0 |a správanie spotrebiteľa 
100 1 |a Zorkóciová, Otília, 1954- 
700 1 |a Brynkusová, Barbora